Význam Ukrajiny pre strategické rozvojové zámery zahraničnoobchodných vzťahov EÚ so zameraním na Slovensko diplomová práca

Guardado en:
Detalles Bibliográficos
Autor principal: Kováčová, Alexandra
Autor Corporativo: Obchodná fakulta EU. Katedra medzinárodného obchodu
Otros Autores: Kašťáková, Elena, 1974-
Formato: Libro
Lenguaje:eslovaco
Publicado: Bratislava 2016
Etiquetas: Agregar Etiqueta
Sin Etiquetas, Sea el primero en etiquetar este registro!

MARC

LEADER 00000nbm a2200000 4500
001 0216552
005 20161123150434.2
041 0 |a slo 
044 |a SK 
245 1 0 |a Význam Ukrajiny pre strategické rozvojové zámery zahraničnoobchodných vzťahov EÚ so zameraním na Slovensko  |b diplomová práca  |c Alexandra Kováčová ; školiteľ: Elena Kašťáková 
264 1 |a Bratislava  |c 2016 
300 |a 90 s. 
100 1 |a Kováčová, Alexandra 
700 1 |a Kašťáková, Elena, 1974- 
710 2 |a Obchodná fakulta EU. Katedra medzinárodného obchodu